NEW APPROACH TO BIOCHEMISTRY AND CLINICAL PHATHOLOGY (Record no. 8008)

MARC details
000 -LEADER
fixed length control field 00449nam a22001577a 4500
005 - DATE AND TIME OF LATEST TRANSACTION
control field 20240109131155.0
008 - FIXED-LENGTH DATA ELEMENTS--GENERAL INFORMATION
fixed length control field 220616b ||||| |||| 00| 0 eng d
020 ## - INTERNATIONAL STANDARD BOOK NUMBER
ISBN 97815-43346-21-3
041 ## - LANGUAGE CODE
Language code of text/sound track or separate title eng
100 ## - MAIN ENTRY--AUTHOR NAME
Personal name AHIRRAD, DR. R. A LOVHARE Mr. R.B , ESHI MR. R.B AND DEORE DR. S.R
245 ## - TITLE STATEMENT
Title NEW APPROACH TO BIOCHEMISTRY AND CLINICAL PHATHOLOGY
260 ## - PUBLICATION, DISTRIBUTION, ETC. (IMPRINT)
Name of publisher S.VIKASH AND COMPANY
300 ## - PHYSICAL DESCRIPTION
Number of Pages 182;p
650 ## - SUBJECT ADDED ENTRY--TOPICAL TERM
Topical Term PHARMACY
942 ## - ADDED ENTRY ELEMENTS (KOHA)
Koha item type Books
Holdings
Lost status Damaged status Collection code Home library Current library Shelving location Date acquired Source of acquisition Cost, normal purchase price Accession Number Koha item type
    PHARMACY JRU Library JRU Library Shelf - 22- H 16/06/2022 DONATION 255.00 26826 Books